Classement perpétuel de Pro D2. - Statistiques

Statistiques générales
  • Ce quiz a été pris 137 fois
  • Le résultat moyen est 15 sur 20
Statistiques - réponses
# Saison Points Club % Correct
20 10 680 Biarritz olympique
93%
15 12 783 Aviron bayonnais
91%
9 13 1015 FC Grenoble
88%
8 12 1032 Lyon OU
88%
7 17 1075 US Montauban
81%
1 21 1569,21 Stade montois
81%
3 16 1288 US Oyonnax
81%
18 9 729 Section paloise
80%
17 9 740 SU Agen
78%
11 13 944 Stade rochelais
78%
10 15 964 US Dax
77%
4 19 1273 AS Béziers
76%
19 12 693 RC Narbonne
74%
14 13 814 US Carcassonne
69%
16 13 761 Provence Rugby
65%
5 19 1146 Stado Tarbes PR
63%
6 17 1101,64 US Colomiers
61%
13 12 843 SC Albi
60%
2 24 1509 Stade aurillacois
58%
12 14 863 FC Auch
51%
Aucun quiz correspondant
Distribution des résultats
% des personnes avec chaque résultat
Percentile par nombre de réponses
Votre historique - résultats
Vous n’avez pas pris ce quiz